Заявление, сделанное под присягой острожским бурмистром А. Романовичем в Луцком гродском суде о размере налогов, взымаемых с ремесленников города Острога. 24 октября 1635 г. (Запис № 422290)

МАРК-запис
000 -LEADER
fixed length control field 01164caa a22002417a 4500
001 - CONTROL NUMBER
control field 133475
003 - CONTROL NUMBER IDENTIFIER
control field UA-OsUOA
005 - DATE AND TIME OF LATEST TRANSACTION
control field 20200129132130.0
007 - PHYSICAL DESCRIPTION FIXED FIELD--GENERAL INFORMATION
fixed length control field ta
008 - FIXED-LENGTH DATA ELEMENTS--GENERAL INFORMATION
fixed length control field 20181024b un ||||| |||| 00| 0 ukr d
040 ## - CATALOGING SOURCE
Original cataloging agency UA-OsUOA
Language of cataloging rus
Transcribing agency UA-OsUOA
Modifying agency UA-OsUOA
041 ## - LANGUAGE CODE
Language code of text/sound track or separate title rus
080 ## - UNIVERSAL DECIMAL CLASSIFICATION NUMBER
Universal Decimal Classification number 908
090 ## - LOCALLY ASSIGNED LC-TYPE CALL NUMBER (OCLC); LOCAL CALL NUMBER (OCLC)
Classification number (OCLC) (R) ; Classification number, CALL (RLIN) (NR) 908
Local cutter number (OCLC) ; Book number/undivided call number, CALL (RLIN) З-40
100 ## - MAIN ENTRY--PERSONAL NAME
Personal name Ковальский Н. П.
245 ## - TITLE STATEMENT
Title Заявление, сделанное под присягой острожским бурмистром А. Романовичем в Луцком гродском суде о размере налогов, взымаемых с ремесленников города Острога. 24 октября 1635 г.
300 ## - PHYSICAL DESCRIPTION
Extent С. 77–78
650 #7 - SUBJECT ADDED ENTRY--TOPICAL TERM
Topical term or geographic name as entry element 908 Краєзнавство
Source of heading or term UDC
773 0# - HOST ITEM ENTRY
Host Biblionumber 326881
Host Itemnumber 348885
Main entry heading Ковальский Н.П.
Place, publisher, and date of publication Днепропетровск ДГУ 1982
Other item identifier 87869
Title Источники по социально-экономической истоирии Украины XVI- первой половины XVII века
Record control number (UA-OsUOA) 40744
942 ## - ADDED ENTRY ELEMENTS (KOHA)
Koha item type Складова частина документа
Source of classification or shelving scheme Universal Decimal Classification
955 ## - COPY-LEVEL INFORMATION (RLIN)
Classification number, CCAL (RLIN) Наукові видання

Немає доступних примірників.